[Event "CZE-chT1E 1213"]
[Site "Czech Republic"]
[Date "2012.12.09"]
[Round "4.8"]
[White "Skaroupka, Jiri"]
[Black "Zimniok, Lubomir"]
[Result "1/2-1/2"]
[WhiteElo "2188"]
[BlackElo "2145"]
[PlyCount "87"]
[EventDate "2012.10.21"]
[EventType "team-tourn"]
[EventRounds "11"]
[EventCountry "CZE"]
[SourceTitle "EXT 2014"]
[Source "ChessBase"]
[SourceDate "2013.11.20"]
[SourceVersion "1"]
[SourceVersionDate "2013.11.20"]
[SourceQuality "1"]
[WhiteTeam "Trebic Caissa"]
[BlackTeam "Karvina"]
[WhiteTeamCountry "CZE"]
[BlackTeamCountry "CZE"]

1. Nf3 Nf6 2. c4 g6 3. Nc3 Bg7 4. e4 d6 5. d4 0-0 6. Be2 e5 7. Be3 Nc6 8. d5 Ne7 9. Nd2 Nd7 10. f3 f5 11. b4 f4 12. Bf2 a5 13. a3 axb4 14. axb4 Rxa1 15. Qxa1 g5 16. c5 Nf6 17. Nc4 Ng6 18. Qa5 Ne8 19. cxd6 Nxd6 20. Nxd6 cxd6 21. Qxd8 Rxd8 22. Bb6 Rf8 23. Nb5 Nh4 24. Kf2 Bd7 25. Rc1 Bxb5 26. Bxb5 Ra8 27. Bd7 Ra2+ 28. Kf1 Bf8 29. Be6+ Kg7 30. Bf2 Be7 31. b5 Bd8 32. b6 Rxf2+ 33. Kxf2 Bxb6+ 34. Ke2 Bc5 35. g3 Ng6 36. Rb1 b6 37. Kd3 fxg3 38. hxg3 h5 39. Bf5 h4 40. Bxg6 Kxg6 41. gxh4 gxh4 42. Rb2 Kh5 43. Rh2 b5 44. Ke2 1/2-1/2

[Event "CZE-chT2D 1112"]
[Site "Czech Republic"]
[Date "2012.04.22"]
[Round "11"]
[White "Skaroupka, Jiri"]
[Black "Prandstetter, Eduard"]
[Result "1/2-1/2"]
[WhiteElo "2192"]
[BlackElo "2296"]
[PlyCount "161"]
[EventDate "2011.10.09"]
[EventType "team-tourn"]
[EventRounds "11"]
[EventCountry "CZE"]
[SourceTitle "EXT 2013"]
[Source "ChessBase"]
[SourceDate "2012.11.22"]
[SourceVersion "1"]
[SourceVersionDate "2012.11.22"]
[SourceQuality "1"]
[WhiteTeam "Trebic Caissa II"]
[BlackTeam "Pardubice AKIS"]
[WhiteTeamCountry "CZE"]
[BlackTeamCountry "CZE"]

1. d4 Nf6 2. c4 e6 3. Nc3 d5 4. cxd5 exd5 5. Bg5 Be7 6. e3 c6 7. Bd3 Bg4 8. Nge2 Bh5 9. Qb3 Qb6 10. Qc2 Bg6 11. Nf4 Bxd3 12. Nxd3 Nbd7 13. 0-0 0-0 14. Rab1 Qd8 15. b4 a6 16. Na4 b5 17. Nac5 Nxc5 18. Nxc5 Re8 19. Rfc1 Bxc5 20. Bxf6 Qxf6 21. Qxc5 Re6 22. Qb6 Qd8 23. Qxd8+ Rxd8 24. Rc3 Rb8 25. Ra3 Rb6 26. Rbb3 Kf8 27. Ra5 Re8 28. g4 Ke7 29. Kg2 Kd6 30. Rba3 Ra8 31. f3 Kc7 32. Kg3 Kb7 33. Kf4 Rd8 34. g5 f6 35. h4 Rf8 36. Kg4 Ka7 37. Rc3 Rf7 38. Raa3 Rf8 39. Rc2 f5+ 40. Kf4 g6 41. h5 Re8 42. Rac3 Re6 43. Rc1 Ka8 44. R3c2 Kb7 45. hxg6 hxg6 46. Rh1 Ka7 47. Rh7+ Rb7 48. Rch2 Rbe7 49. Rxe7+ Rxe7 50. Rh8 Kb7 51. Rg8 Re6 52. Rg7+ Kc8 53. Ra7 Kb8 54. Rxa6 Kb7 55. Ra5 Re8 56. a4 bxa4 57. Rxa4 Rh8 58. Ra5 Kb6 59. Rc5 Re8 60. b5 cxb5 61. Rxd5 Re6 62. Rd8 Kc7 63. Ra8 b4 64. Ra2 Rb6 65. e4 fxe4 66. fxe4 b3 67. Rb2 Rb5 68. Ke3 Rxg5 69. Kd3 Rg3+ 70. Kc4 g5 71. d5 g4 72. e5 Rf3 73. d6+ Kc6 74. Rd2 Rf8 75. Kxb3 Kd7 76. Kc4 Ke6 77. Kd4 g3 78. Rg2 Rg8 79. Ke4 Rg5 80. Kf4 Rf5+ 81. Kxg3 1/2-1/2

[Event "CZE-chT2D 0809"]
[Site "Czech Republic"]
[Date "2008.11.09"]
[Round "2.4"]
[White "Skaroupka, Jiri"]
[Black "Bradac, Roman"]
[Result "0-1"]
[WhiteElo "2147"]
[BlackElo "2038"]
[PlyCount "52"]
[EventDate "2008.10.12"]
[EventType "team-tourn"]
[EventRounds "11"]
[EventCountry "CZE"]
[SourceTitle "EXT 2010"]
[Source "ChessBase"]
[SourceDate "2010.11.25"]
[SourceVersion "1"]
[SourceVersionDate "2010.11.25"]
[SourceQuality "1"]

1. d4 Nf6 2. c4 e6 3. Nc3 Bb4 4. e3 b6 5. Nge2 Ba6 6. a3 Bxc3+ 7. Nxc3 d5 8. b3 dxc4 9. Qf3 c6 10. bxc4 0-0 11. Bb2 Nbd7 12. Qxc6 Qc8 13. Qxc8 Raxc8 14. Nb5 Bxb5 15. cxb5 Rc2 16. Rb1 Rfc8 17. f3 Nd5 18. e4 Ne3 19. Rg1 f5 20. e5 Nf8 21. Be2 Ng6 22. Kf2 Nf4 23. Kxe3 Nxe2 24. Rbd1 Nc3 25. Bxc3 R8xc3+ 26. Rd3 f4+ 0-1

[Event "Znojmo op1"]
[Site "Znojmo"]
[Date "2007.??.??"]
[Round "2"]
[White "Skaroupka, Jiri"]
[Black "Holemar, David"]
[Result "1/2-1/2"]
[WhiteElo "2105"]
[BlackElo "2310"]
[PlyCount "44"]
[EventDate "2007.01.??"]
[EventType "swiss"]
[EventRounds "9"]
[EventCountry "CZE"]
[SourceTitle "EXT 2010"]
[Source "ChessBase"]
[SourceDate "2010.11.25"]
[SourceVersion "1"]
[SourceVersionDate "2010.11.25"]
[SourceQuality "1"]

1. d4 Nf6 2. g3 g6 3. Bg2 Bg7 4. e4 0-0 5. Nc3 c5 6. dxc5 Qa5 7. Be3 Qb4 8. Bd2 Qxc5 9. Nge2 d6 10. 0-0 a6 11. h3 Nbd7 12. Nf4 e6 13. Be3 Qc7 14. Nd3 Rb8 15. f4 b5 16. g4 b4 17. Ne2 d5 18. e5 Ne4 19. Rc1 Qc4 20. b3 Qc7 21. Qe1 a5 22. c4 bxc3 1/2-1/2

[Event "Znojmo op1"]
[Site "Znojmo"]
[Date "2007.??.??"]
[Round "6"]
[White "Skaroupka, Jiri"]
[Black "Vlk, Miroslav"]
[Result "1/2-1/2"]
[WhiteElo "2105"]
[BlackElo "2055"]
[PlyCount "93"]
[EventDate "2007.01.??"]
[EventType "swiss"]
[EventRounds "9"]
[EventCountry "CZE"]
[SourceTitle "EXT 2010"]
[Source "ChessBase"]
[SourceDate "2010.11.25"]
[SourceVersion "1"]
[SourceVersionDate "2010.11.25"]
[SourceQuality "1"]

1. d4 d5 2. c4 e6 3. Nc3 Nf6 4. cxd5 exd5 5. Bg5 Be7 6. Qc2 0-0 7. e3 Nbd7 8. Bd3 b6 9. Nf3 c5 10. Ne5 Bb7 11. Nxd7 Nxd7 12. Bxe7 Qxe7 13. 0-0 Nf6 14. dxc5 bxc5 15. Rfd1 Rac8 16. Bf5 Rb8 17. Rac1 g6 18. Bh3 Rfd8 19. Ne2 Bc8 20. Bxc8 Rbxc8 21. Qd3 Qe5 22. Rc2 Ng4 23. Ng3 h5 24. h3 Nf6 25. Qa3 h4 26. Ne2 Ne4 27. Nc3 Nxc3 28. Rxc3 Rb8 29. Rxc5 Qxb2 30. Qxb2 Rxb2 31. Ra5 Rd7 32. Rd4 Rb1+ 33. Kh2 Rb2 34. Kg1 Rb1+ 35. Kh2 Rb2 36. Rxh4 Rxf2 37. Kg3 Rc2 38. Rha4 Rc3 39. Kf4 Re7 40. Rxd5 Rcxe3 41. Rda5 Re2 42. g3 Rf2+ 43. Kg4 Re3 44. Kh4 Rff3 45. Rg4 Ra3 46. Rga4 Rae3 47. Rg4 1/2-1/2

[Event "Znojmo op2"]
[Site "Znojmo"]
[Date "2007.??.??"]
[Round "3"]
[White "Skaroupka, Jiri"]
[Black "Vlk, Miroslav"]
[Result "1-0"]
[WhiteElo "2125"]
[BlackElo "2075"]
[PlyCount "37"]
[EventDate "2007.04.??"]
[EventType "swiss"]
[EventRounds "9"]
[EventCountry "CZE"]
[SourceTitle "EXT 2010"]
[Source "ChessBase"]
[SourceDate "2010.11.25"]
[SourceVersion "1"]
[SourceVersionDate "2010.11.25"]
[SourceQuality "1"]

1. d4 d5 2. c4 e6 3. Nc3 Nf6 4. Bg5 Nbd7 5. e3 Be7 6. Nf3 0-0 7. Qc2 b6 8. cxd5 exd5 9. Bb5 Bb7 10. 0-0 c5 11. dxc5 bxc5 12. Rfd1 h6 13. Bh4 Nb6 14. Rac1 Rc8 15. Qf5 Qd6 16. e4 Qc7 17. Bxf6 Bxf6 18. exd5 Bxc3 19. d6 1-0

[Event "Znojmo op2"]
[Site "Znojmo"]
[Date "2007.??.??"]
[Round "8"]
[White "Vavrousek, Petr"]
[Black "Skaroupka, Jiri"]
[Result "0-1"]
[WhiteElo "1945"]
[BlackElo "2125"]
[PlyCount "56"]
[EventDate "2007.04.??"]
[EventType "swiss"]
[EventRounds "9"]
[EventCountry "CZE"]
[SourceTitle "EXT 2010"]
[Source "ChessBase"]
[SourceDate "2010.11.25"]
[SourceVersion "1"]
[SourceVersionDate "2010.11.25"]
[SourceQuality "1"]

1. e4 c6 2. Nc3 d5 3. Nf3 Bg4 4. h3 Bh5 5. exd5 cxd5 6. Bb5+ Nc6 7. g4 Bg6 8. Ne5 Qd6 9. d4 f6 10. Nxg6 hxg6 11. Qd3 0-0-0 12. Bxc6 Qxc6 13. Qxg6 e5 14. Qd3 e4 15. Qb5 Qc7 16. Bd2 a6 17. Qb3 Ne7 18. Na4 Ng6 19. Be3 b5 20. Nc5 Bxc5 21. dxc5 d4 22. Bd2 e3 23. fxe3 Qg3+ 24. Kf1 Rxh3 25. Qe6+ Kb7 26. Rxh3 Qxh3+ 27. Kg1 Qg3+ 28. Kf1 Qf3+ 0-1

[Event "CZE-chT2d 0405"]
[Site "Czech Republic"]
[Date "2005.??.??"]
[Round "8"]
[White "Mares, Jaroslav"]
[Black "Skaroupka, Jiri"]
[Result "1/2-1/2"]
[WhiteElo "2125"]
[BlackElo "2135"]
[PlyCount "34"]
[EventDate "2004.10.??"]
[EventType "team"]
[EventRounds "11"]
[EventCountry "CZE"]
[SourceTitle "EXT 2007"]
[Source "ChessBase"]
[SourceDate "2006.11.23"]
[SourceVersion "1"]
[SourceVersionDate "2006.11.23"]
[SourceQuality "1"]

1. c4 c6 2. d4 d5 3. e3 Nf6 4. Nf3 Bf5 5. Nc3 e6 6. a3 Nbd7 7. Be2 Bd6 8. 0-0 0-0 9. Nh4 dxc4 10. Nxf5 exf5 11. g3 Nb6 12. Qc2 Qd7 13. Nb1 Rac8 14. Nd2 c5 15. Nf3 Ne4 16. Rd1 Qb5 17. Bd2 Qb3 1/2-1/2

[Event "MOR-chT 0405"]
[Site "Czech Republic"]
[Date "2004.10.10"]
[Round "2.7"]
[White "Pecina, Michal"]
[Black "Skaroupka, Jiri"]
[Result "1/2-1/2"]
[WhiteElo "2194"]
[BlackElo "2136"]
[PlyCount "51"]
[EventDate "2004.10.09"]
[EventType "team"]
[EventRounds "11"]
[EventCountry "CZE"]
[SourceTitle "CBM 103 Extra"]
[Source "ChessBase"]
[SourceDate "2005.01.01"]
[SourceVersion "1"]
[SourceVersionDate "2005.01.01"]
[SourceQuality "1"]

1. d4 d5 2. c4 c6 3. Nf3 Nf6 4. Nc3 dxc4 5. a4 Bf5 6. e3 e6 7. Bxc4 Nbd7 8. 0-0 Bb4 9. Qe2 0-0 10. e4 Bg6 11. e5 Nd5 12. Bd2 Be7 13. h3 Bh5 14. Nxd5 cxd5 15. Bd3 Bg6 16. Bxg6 fxg6 17. a5 Rc8 18. Rfc1 Nb8 19. Qd3 Qd7 20. Qb3 a6 21. Qb6 Nc6 22. Ne1 Bd8 23. Qc5 Be7 24. Qb6 Bd8 25. Qc5 Be7 26. Qb6 1/2-1/2

[Event "MOR-chT 0405"]
[Site "Czech Republic"]
[Date "2004.10.09"]
[Round "1.7"]
[White "Skaroupka, Jiri"]
[Black "Virostko, Petr"]
[Result "0-1"]
[WhiteElo "2136"]
[BlackElo "2296"]
[PlyCount "84"]
[EventDate "2004.10.09"]
[EventType "team"]
[EventRounds "11"]
[EventCountry "CZE"]
[SourceTitle "CBM 103 Extra"]
[Source "ChessBase"]
[SourceDate "2005.01.01"]
[SourceVersion "1"]
[SourceVersionDate "2005.01.01"]
[SourceQuality "1"]

1. d4 d5 2. c4 c6 3. Nc3 Nf6 4. Bg5 Nbd7 5. cxd5 Nxd5 6. Nf3 h6 7. Bd2 N7f6 8. Qc2 g6 9. e4 Nxc3 10. bxc3 Bg7 11. Bd3 0-0 12. h4 c5 13. e5 Ng4 14. h5 g5 15. Nxg5 hxg5 16. Bh7+ Kh8 17. h6 Bxe5 18. dxe5 Qd5 19. Kf1 f5 20. Bg6 Qc4+ 21. Kg1 Nxe5 22. Bh5 f4 23. Re1 Bf5 24. Qd1 Nc6 25. Bg4 Rad8 26. Bxf5 Rxf5 27. Qg4 Qf7 28. Bc1 Ne5 29. Qh5 Qxh5 30. Rxh5 Nd3 31. Rd1 c4 32. g3 Rdd5 33. gxf4 gxf4 34. Rxf5 Rxf5 35. Ba3 Rg5+ 36. Kf1 f3 37. Bxe7 Rh5 38. Bf6+ Kh7 39. Kg1 Nf4 40. Rd7+ Kxh6 41. Rg7 Ne2+ 42. Kf1 Rh1+ 0-1

[Event "Znojmo Hostan op"]
[Site "Znojmo"]
[Date "2004.05.22"]
[Round "8"]
[White "Vrana, Frantisek"]
[Black "Skaroupka, Jiri"]
[Result "0-1"]
[WhiteElo "2289"]
[BlackElo "2124"]
[PlyCount "74"]
[EventDate "2004.05.15"]
[EventType "swiss"]
[EventRounds "9"]
[EventCountry "CZE"]
[SourceTitle "CBM 100 Extra"]
[Source "ChessBase"]
[SourceDate "2004.07.06"]
[SourceVersion "2"]
[SourceVersionDate "2004.07.06"]
[SourceQuality "1"]

1. e4 d6 2. d4 g6 3. Nc3 Bg7 4. g3 Nf6 5. h3 e5 6. Nge2 0-0 7. Bg2 Nc6 8. Be3 exd4 9. Nxd4 Bd7 10. 0-0 Re8 11. Re1 Nxd4 12. Bxd4 c5 13. Bxf6 Qxf6 14. Nd5 Qd8 15. c3 Bc6 16. Nf4 b5 17. Qc2 Qa5 18. Rad1 Rad8 19. a3 Qb6 20. h4 a5 21. h5 Re5 22. hxg6 hxg6 23. Re2 Qb7 24. Nd3 Ree8 25. Nf4 Re5 26. Nd3 Ree8 27. f3 Qb6 28. Nf4 Re5 29. Red2 c4+ 30. Kf1 Qc5 31. Nd5 Kf8 32. f4 Rh5 33. Bf3 Rh3 34. Kg2 Rh8 35. Re2 Bd7 36. Qc1 Bh3+ 37. Kh1 Bf1+ 0-1

[Event "Znojmo Hostan op"]
[Site "Znojmo"]
[Date "2004.05.16"]
[Round "2"]
[White "Trichkov, Vasil"]
[Black "Skaroupka, Jiri"]
[Result "1-0"]
[WhiteElo "2325"]
[BlackElo "2124"]
[PlyCount "51"]
[EventDate "2004.05.15"]
[EventType "swiss"]
[EventRounds "9"]
[EventCountry "CZE"]
[SourceTitle "CBM 100 Extra"]
[Source "ChessBase"]
[SourceDate "2004.07.06"]
[SourceVersion "2"]
[SourceVersionDate "2004.07.06"]
[SourceQuality "1"]

1. e4 c6 2. d4 d5 3. Nc3 dxe4 4. Nxe4 Bf5 5. Ng3 Bg6 6. Nf3 Nd7 7. h4 h6 8. h5 Bh7 9. Bd3 Bxd3 10. Qxd3 Qc7 11. Bd2 Ngf6 12. 0-0-0 e6 13. Kb1 0-0-0 14. Bc1 Bd6 15. Ne4 Bf4 16. Ned2 e5 17. dxe5 Ng4 18. Qf5 Nxf2 19. Qxf4 Nxh1 20. Rxh1 f6 21. Nc4 Nxe5 22. Ncxe5 fxe5 23. Nxe5 Rd5 24. Qg4+ Kd8 25. Bf4 Re8 26. c4 1-0

[Event "CZE-chT2d 0304"]
[Site "Czech Republic"]
[Date "2004.??.??"]
[Round "?"]
[White "Skaroupka, Jiri"]
[Black "Macharacek, Simon"]
[Result "1/2-1/2"]
[WhiteElo "2120"]
[BlackElo "2180"]
[PlyCount "81"]
[EventDate "2003.??.??"]
[EventType "team"]
[EventRounds "11"]
[EventCountry "CZE"]
[SourceTitle "EXT 2007"]
[Source "ChessBase"]
[SourceDate "2006.11.23"]
[SourceVersion "1"]
[SourceVersionDate "2006.11.23"]
[SourceQuality "1"]

1. d4 Nf6 2. c4 e6 3. Nc3 Bb4 4. e3 0-0 5. Bd3 c5 6. Nge2 Nc6 7. 0-0 d5 8. a3 Bxc3 9. bxc3 b6 10. cxd5 exd5 11. f3 Re8 12. Qe1 a5 13. Rb1 Ba6 14. Bxa6 Rxa6 15. Qf2 cxd4 16. cxd4 Ra7 17. Nf4 Rb7 18. a4 Qd7 19. Nd3 Qf5 20. Rb3 Rbb8 21. Bd2 Nd7 22. Rc1 Rbc8 23. Qg3 Qg6 24. Qxg6 hxg6 25. Nf4 Ne7 26. Rbc3 Rxc3 27. Rxc3 g5 28. Rc7 gxf4 29. Rxd7 fxe3 30. Bxe3 Nc6 31. Kf2 Nb4 32. Bd2 Nd3+ 33. Kf1 Nb2 34. Rxd5 Nxa4 35. Rb5 Rd8 36. d5 Kf8 37. Be3 Nc3 38. Rxb6 Rxd5 39. Rb8+ Ke7 40. Rb7+ Ke6 41. Ra7 1/2-1/2

[Event "CZE-chT2d 0405"]
[Site "Czech Republic"]
[Date "2004.??.??"]
[Round "1"]
[White "Vecera, Pavel"]
[Black "Skaroupka, Jiri"]
[Result "0-1"]
[WhiteElo "2175"]
[BlackElo "2135"]
[PlyCount "120"]
[EventDate "2004.10.??"]
[EventType "team"]
[EventRounds "11"]
[EventCountry "CZE"]
[SourceTitle "EXT 2007"]
[Source "ChessBase"]
[SourceDate "2006.11.23"]
[SourceVersion "1"]
[SourceVersionDate "2006.11.23"]
[SourceQuality "1"]

1. e4 c6 2. d4 d5 3. exd5 cxd5 4. c4 Nf6 5. Nc3 Nc6 6. cxd5 Nxd5 7. Nf3 Bg4 8. Qb3 Bxf3 9. gxf3 e6 10. Qxb7 Nxd4 11. Bb5+ Nxb5 12. Qc6+ Ke7 13. Qxb5 Qd7 14. Nxd5+ Qxd5 15. Qxd5 exd5 16. Be3 Ke6 17. Rc1 Be7 18. Ke2 Bf6 19. Rc6+ Kf5 20. Rd1 Rhd8 21. b3 d4 22. Rc5+ Ke6 23. Bf4 Rac8 24. Rdc1 Rxc5 25. Rxc5 d3+ 26. Kd2 Be7 27. Re5+ Kf6 28. Re4 Rd5 29. Be3 a5 30. Bd4+ Kg6 31. Kxd3 Bf6 32. Kc4 Rf5 33. Rg4+ Kh6 34. Bxf6 Rxf6 35. f4 Rd6 36. a3 f5 37. Rg2 g6 38. b4 axb4 39. axb4 Rd2 40. b5 Kh5 41. Rg3 Rxf2 42. b6 Rxf4+ 43. Kc5 Re4 44. b7 Re8 45. Rh3+ Kg4 46. Rxh7 f4 47. h4 f3 48. Rf7 Kg3 49. Kc6 f2 50. Rf6 Rg8 51. Kc7 Kg2 52. b8Q Rxb8 53. Kxb8 f1Q 54. Rxf1 Kxf1 55. Kc7 Kf2 56. Kd6 Kg3 57. Ke5 Kxh4 58. Kf4 g5+ 59. Kf3 Kh3 60. Kf2 g4 0-1

[Event "MOR-chT 0203"]
[Site "Moravia"]
[Date "2002.11.10"]
[Round "2"]
[White "Lys, Josef"]
[Black "Skaroupka, Jiri"]
[Result "1-0"]
[WhiteElo "2298"]
[BlackElo "2110"]
[PlyCount "107"]
[EventDate "2002.10.??"]
[EventType "team"]
[EventRounds "11"]
[EventCountry "CZE"]
[SourceTitle "EXT 2005"]
[Source "ChessBase"]
[SourceDate "2004.11.15"]
[SourceVersion "1"]
[SourceVersionDate "2004.11.15"]
[SourceQuality "1"]

1. d4 g6 2. e4 Bg7 3. Bc4 d6 4. Nf3 Nf6 5. Qe2 c6 6. a4 d5 7. exd5 cxd5 8. Bd3 Bg4 9. Nbd2 Nc6 10. c3 0-0 11. h3 Bxf3 12. Nxf3 Nd7 13. Bg5 Qb6 14. 0-0 e5 15. dxe5 Ndxe5 16. Nxe5 Bxe5 17. a5 Qc7 18. f4 Bg7 19. a6 Rfe8 20. Qf3 Ne7 21. f5 f6 22. Bf4 Qd7 23. Qg3 Nxf5 24. Bxf5 gxf5 25. Be3 b6 26. Bd4 Re5 27. Rf2 Rae8 28. Raf1 Re1 29. Bxf6 Rxf1+ 30. Kxf1 Kh8 31. Qxg7+ Qxg7 32. Bxg7+ Kxg7 33. Rxf5 Rd8 34. Ke2 Rd6 35. Ke3 b5 36. Kd4 Rxa6 37. Rxd5 Ra4+ 38. b4 a6 39. Rd6 Ra3 40. Rb6 h6 41. g4 Kh7 42. h4 Kg7 43. h5 Kh7 44. Rb7+ Kg8 45. Rc7 a5 46. Rc6 Kg7 47. Rb6 axb4 48. cxb4 Kh7 49. Kc5 Re3 50. Kxb5 Re5+ 51. Ka4 Re1 52. Rg6 Ra1+ 53. Kb5 Rb1 54. Ka5 1-0